Countries Once a Part of Austria-Hungary - Statistics

General Stats
  • This quiz has been taken 246 times
  • The average score is 12 of 13
Answer Stats
Country % Correct
Austria
100%
Hungary
98%
Croatia
97%
Serbia
97%
Romania
96%
Slovakia
96%
Slovenia
96%
Bosnia and Herzegovina
95%
Czech Republic
94%
Poland
94%
Italy
88%
Ukraine
88%
Montenegro
83%
No matching quizzes found
Score Distribution
Percent of People with Each Score
Percentile by Number Answered
Your Score History
You have not taken this quiz